000 00523nam a2200205Ia 4500
005 20240823025012.0
008 240823s9999||||xx |||||||||||||| ||und||
020 _a81-314-1247-9
041 _aENGLISH
082 _A333.354 P7
100 _aAmit Singh Sisodiya
245 0 _a"Indian Reality, the changing landscape"
250 _a1st
260 _c2007
_bICFA I University
500 _aYES
650 _aIndian Reality
_bManagement Studies
700 _a Janardhan Rao. N Ed.
942 _cBK
999 _c185263
_d185263